| 000 | 00376nam a2200157Ia 4500 | ||
|---|---|---|---|
| 008 | 221030s9999 xx 000 0 und d | ||
| 020 | _a8177583533 | ||
| 041 | _aEnglish | ||
| 100 | _aS. Y. Liao | ||
| 245 | 0 |
_aMicrowave Devices & Circuits _cby S. Y. Liao |
|
| 250 | _a3rd | ||
| 260 |
_bPearson Education _aNew Delhi _c2014 |
||
| 300 | _a561 | ||
| 650 | _aECE | ||
| 942 | _cBK | ||
| 999 |
_c17098 _d17098 |
||